| 000 | 00328nam a22001337a 4500 | ||
|---|---|---|---|
| 020 | _qHB. | ||
| 040 | _cFIZZA ISHAQ | ||
| 082 |
_a624.1762 _bAGN |
||
| 100 |
_aNOLAN,AGNES. _9109337 |
||
| 245 |
_aADVANCED EARTHQUAKE ENGINEERING / _cAGNES NOLAN. |
||
| 260 |
_aNEW YORK ; _bMURPHY, _c2021. |
||
| 300 | _a236 P. ; | ||
| 942 |
_2ddc _cBK |
||
| 999 |
_c593393 _d593393 |
||